000 00367nam a2200157Ia 4500
008 160316s2006 xxu||||| |||| 00| 0 eng d
082 _a346.030000
_bGAN-1
100 _aGandhi B M
245 _aLaw of torts
250 _a3rd
260 _aLucknow
_bEastern Book Co.
_c2006
300 _a418p
_b
_cxlii
365 _bRs.225
650 _a1.Torts Law
700 _a
_a
999 _c23373
_d23373